000
00275pam a2200121 a 4500
020
_c
041
_h
100
_a
Ajit Banerjee,
_e
author.
245
_a
Footprints in the Forest
_h
Textual Documents
260
_a
[s.l]:
_b
Natraj Publishers
300
_a
326.
930
_a
2622
999
_c
248473
_d
248473